<?xml version="1.0" encoding="UTF-8"?>
<record
    xmlns:xsi="http://www.w3.org/2001/XMLSchema-instance"
    xsi:schemaLocation="http://www.loc.gov/MARC21/slim http://www.loc.gov/standards/marcxml/schema/MARC21slim.xsd"
    xmlns="http://www.loc.gov/MARC21/slim">

  <leader>00850cam a2200217 a 4500</leader>
  <controlfield tag="001">ne 65001235 </controlfield>
  <controlfield tag="003">DLC</controlfield>
  <controlfield tag="005">20260227111814.0</controlfield>
  <controlfield tag="008">980116m19369999iq       b    001 0 arar </controlfield>
  <datafield tag="010" ind1=" " ind2=" ">
    <subfield code="a">ne 65001235 </subfield>
  </datafield>
  <datafield tag="040" ind1=" " ind2=" ">
    <subfield code="a">DLC</subfield>
    <subfield code="c">DLC</subfield>
    <subfield code="d">DLC</subfield>
  </datafield>
  <datafield tag="050" ind1="0" ind2="0">
    <subfield code="a">Z7835.M6</subfield>
    <subfield code="b">A38 1935</subfield>
    <subfield code="a">BP193.3</subfield>
  </datafield>
  <datafield tag="100" ind1="2" ind2=" ">
    <subfield code="a">&#x100;gh&#x101; Buzurg al-&#x1E6C;ihr&#x101;n&#x12B;, Mu&#x1E25;ammad Mu&#x1E25;sin,</subfield>
    <subfield code="d">1875-1970.</subfield>
  </datafield>
  <datafield tag="245" ind1="1" ind2="3">
    <subfield code="a">al-Dhar&#x12B;&#x2BB;ah il&#xE1; ta&#x1E63;&#x101;n&#x12B;f al-Sh&#x12B;&#x2BB;ah,</subfield>
    <subfield code="c">ta&#x2BC;l&#x12B;f Mu&#x1E25;ammad al-shah&#x12B;r bi-al-Shaykh &#x100;gh&#x101; Buzurg al-&#x1E6C;ihr&#x101;n&#x12B;.</subfield>
  </datafield>
  <datafield tag="260" ind1=" " ind2=" ">
    <subfield code="a">al-Najaf,</subfield>
    <subfield code="b">Ma&#x1E6D;ba&#x2BB;at al-Gharr&#x12B;,</subfield>
    <subfield code="c">1936-&lt;1986   &gt;</subfield>
  </datafield>
  <datafield tag="300" ind1=" " ind2=" ">
    <subfield code="a">v. &lt;1-7, 9 pt. 1-8, 11-19, 21-22, 24, 26   &gt; ;</subfield>
    <subfield code="c">25 cm.</subfield>
  </datafield>
  <datafield tag="500" ind1=" " ind2=" ">
    <subfield code="a">Added t.p.: v. 9, pt. 3: Bibliography of Shi&#x2BC;ite's literary works.</subfield>
  </datafield>
  <datafield tag="500" ind1=" " ind2=" ">
    <subfield code="a">Includes indexes.</subfield>
  </datafield>
  <datafield tag="650" ind1=" " ind2="0">
    <subfield code="a">Sh&#x12B;&#x2BB;ah</subfield>
    <subfield code="x">Bibliography.</subfield>
  </datafield>
  <datafield tag="740" ind1="0" ind2=" ">
    <subfield code="a">Bibliography of Shi&#x2BC;ite's literary works.</subfield>
  </datafield>
  <datafield tag="999" ind1=" " ind2=" ">
    <subfield code="c">48192</subfield>
    <subfield code="d">48192</subfield>
  </datafield>
</record>
